Hodnotenie implementácie modelu fiškálneho federalizmu na príklade vybraných krajín bakalárska práca

Saved in:
Bibliographic Details
Main Author: Kujan-Privrelová, Barbora
Corporate Author: Národohospodárska fakulta EU. Katedra financií
Other Authors: Tomčiková, Michaela
Format: Book
Language:Slovak
Published: Bratislava 2018
Tags: Add Tag
No Tags, Be the first to tag this record!

MARC

LEADER 00000nbm a2200000 4500
001 0245902
005 20181213141034.1
041 0 |a slo 
044 |a SK 
245 1 0 |a Hodnotenie implementácie modelu fiškálneho federalizmu na príklade vybraných krajín  |b bakalárska práca  |c Barbora Kujan-Privrelová ; školiteľ: Michaela Tomčiková 
264 1 |a Bratislava  |c 2018 
300 |a 41 s. 
100 1 |a Kujan-Privrelová, Barbora 
700 1 |a Tomčiková, Michaela 
710 2 |a Národohospodárska fakulta EU. Katedra financií